| 000 | 01122cam a2200133 4500500 | ||
|---|---|---|---|
| 005 | 20260329023139.0 | ||
| 041 | _afre | ||
| 042 | _adc | ||
| 100 | 1 | 0 |
_aCouprie, Alain _eauthor |
| 245 | 0 | 0 | _aLes grandes dates de la littérature française |
| 260 |
_bArmand Colin,
_c2009. |
||
| 520 | _aCe vade-mecum qui retrace l’histoire de la littérature du Moyen Âge à nos jours propose à la fois une chronologie comparée de ses grandes dates et une analyse commentée de ses auteurs, œuvres, genres et courants. Ouvrage de référence, il peut être ainsi consulté ponctuellement pour une vérification ou une information ; il constitue également une petite histoire littéraire que l’on peut lire en continu, permettant de replacer les œuvres et les auteurs dans leur contexte. Grâce à une présentation très claire en colonnes sur doubles pages, il constitue, pour découvrir ou se remémorer l’essentiel de la littérature, l’outil indispensable aux étudiants. | ||
| 856 | 4 | 1 | _uhttps://shs.cairn.info/les-grandes-dates-de-la-litterature-francaise--9782200244668?lang=fr&redirect-ssocas=7080 |
| 999 |
_c1925074 _d1925074 |
||